[Event "Stay Safe Play From Home 272"]
[Site "Emanuel Lasker Arena"]
[Date "2020.07.02"]
[Round "1"]
[White "Mepe_Nika"]
[Black "Bardellosport"]
[Result "1-0"]
[WhiteElo "2378"]
[BlackElo "1984"]
[PlyCount "77"]
[EventDate "2020.07.02"]
[EventType "swiss (blitz)"]

1. d4 {[%emt 0:00:01]} d6 {[%emt 0:00:00]} 2. Bf4 {[%emt 0:00:01]} g6 {[%emt 0:00:00]} 3. e3 {[%emt 0:00:01]} Bg7 {[%emt 0:00:00]} 4. Nf3 {[%emt 0:00:01]} Nd7 {[%emt 0:00:00]} 5. h3 {[%emt 0:00:00]} f6 {[%emt 0:00:00]} 6. Bh2 {[%emt 0:00:01]} e5 {[%emt 0:00:00]} 7. Bc4 {[%emt 0:00:00]} c6 {[%emt 0:00:02]} 8. O-O {[%emt 0:00:01]} d5 {[%emt 0:00:01]} 9. Bb3 {[%emt 0:00:00]} e4 {[%emt 0:00:01]} 10. Nfd2 {[%emt 0:00:00]} f5 {[%emt 0:00:01]} 11. c4 {[%emt 0:00:01]} Ngf6 {[%emt 0:00:01]} 12. f3 {[%emt 0:00:00]} exf3 {[%emt 0:00:02]} 13. Nxf3 {[%emt 0:00:02]} O-O {[%emt 0:00:00]} 14. Ne5 {[%emt 0:00:01]} Nxe5 {[%emt 0:00:02]} 15. Bxe5 {[%emt 0:00:00]} Ne4 {[%emt 0:00:00]} 16. Bxg7 {[%emt 0:00:02]} Kxg7 {[%emt 0:00:00]} 17. cxd5 {[%emt 0:00:01]} cxd5 {[%emt 0:00:00]} 18. Nc3 {[%emt 0:00:01]} Be6 {[%emt 0:00:01]} 19. Nxe4 {[%emt 0:00:01]} fxe4 {[%emt 0:00:00]} 20. Qe2 {[%emt 0:00:02]} a6 {[%emt 0:00:02]} 21. a3 {[%emt 0:00:01]} Qd7 {[%emt 0:00:01]} 22. Rxf8 {[%emt 0:00:02]} Rxf8 {[%emt 0:00:01]} 23. Rf1 {[%emt 0:00:00]} Rxf1+ {[%emt 0:00:02]} 24. Qxf1 {[%emt 0:00:00]} Qf7 {[%emt 0:00:01]} 25. Qxf7+ {[%emt 0:00:01]} Kxf7 {[%emt 0:00:00]} 26. Kf2 {[%emt 0:00:01]} Kf6 {[%emt 0:00:01]} 27. Kg3 {[%emt 0:00:02]} h6 {[%emt 0:00:01]} 28. h4 {[%emt 0:00:01]} g5 {[%emt 0:00:01]} 29. hxg5+ {[%emt 0:00:00]} Kxg5 {[%emt 0:00:00]} 30. Bd1 {[%emt 0:00:00]} h5 {[%emt 0:00:02]} 31. Kf2 {[%emt 0:00:01]} Bg4 {[%emt 0:00:02]} 32. Ba4 {[%emt 0:00:02]} Be6 {[%emt 0:00:02]} 33. g3 {[%emt 0:00:01]} Kf6 {[%emt 0:00:03]} 34. b4 {[%emt 0:00:02]} Bg4 {[%emt 0:00:01]} 35. b5 {[%emt 0:00:02]} a5 {[%emt 0:00:02]} 36. b6 {[%emt 0:00:01]} Ke7 {[%emt 0:00:01]} 37. Bc6 {[%emt 0:00:03]} Bc8 {[%emt 0:00:04]} 38. Bxd5 {[%emt 0:00:01]} Kd6 {[%emt 0:00:01]} 39. Bxe4 {[%emt 0:00:01] Bardellosport abbandona (Lag: Av=0.31s, max=0.5s)} 1-0

[Event "Stay Safe Play From Home 272"]
[Site "Emanuel Lasker Arena"]
[Date "2020.07.02"]
[Round "1"]
[White "Jhhonnyy"]
[Black "Bishop91"]
[Result "1-0"]
[WhiteElo "2317"]
[BlackElo "1618"]
[Annotator "NA"]
[PlyCount "99"]
[EventDate "2020.07.02"]
[EventType "swiss (blitz)"]

1. d4 {[%emt 0:00:01]} e6 {[%emt 0:00:00]} 2. c4 {[%emt 0:00:00]} d5 {[%emt 0:00:00]} 3. Nf3 {[%emt 0:00:00]} Nf6 {[%emt 0:00:01]} 4. g3 {[%emt 0:00:00]} Be7 {[%emt 0:00:00]} 5. Bg2 {[%emt 0:00:00]} O-O {[%emt 0:00:00]} 6. O-O {[%emt 0:00:00]} dxc4 {[%emt 0:00:01]} 7. Qc2 {[%emt 0:00:00]} c6 {[%emt 0:00:01]} 8. a4 {[%emt 0:00:01]} a6 {[%emt 0:00:01]} 9. Qxc4 {[%emt 0:00:01]} b5 {[%emt 0:00:00]} 10. Qc2 {[%emt 0:00:00]} Bb7 {[%emt 0:00:02]} 11. Nbd2 {[%emt 0:00:01]} Qc7 {[%emt 0:00:02]} 12. Nb3 {[%emt 0:00:01]} Nd5 {[%emt 0:00:01]} 13. e4 {[%emt 0:00:02]} Nb4 {[%emt 0:00:02]} 14. Qe2 {[%emt 0:00:01]} Nd7 {[%emt 0:00:02]} 15. Bf4 {[%emt 0:00:01]} Bd6 {[%emt 0:00:02]} 16. Bd2 {[%emt 0:00:01]} Be7 {[%emt 0:00:01]} 17. Rfc1 {[%emt 0:00:01]} Rfc8 {[%emt 0:00:03]} 18. h4 {[%emt 0:00:03]} h6 {[%emt 0:00:02]} 19. Qe1 {[%emt 0:00:01]} a5 {[%emt 0:00:02]} 20. axb5 {[%emt 0:00:02]} Qb6 {[%emt 0:00:01]} 21. bxc6 {[%emt 0:00:02]} Rxc6 {[%emt 0:00:01]} 22. Be3 {[%emt 0:00:03]} Rxc1 {[%emt 0:00:03]} 23. Qxc1 {[%emt 0:00:03]} Rc8 {[%emt 0:00:00]} 24. Qd2 {[%emt 0:00:01]} Rc1+ {[%emt 0:00:03]} 25. Rxc1 {[%emt 0:00:01]} Nf6 {[%emt 0:00:02]} 26. d5 {[%emt 0:00:02]} Qb5 {[%emt 0:00:00]} 27. Nfd4 {[%emt 0:00:02]} Qa6 {[%emt 0:00:02]} 28. dxe6 {[%emt 0:00:01]} fxe6 {[%emt 0:00:01]} 29. e5 {[%emt 0:00:01]} Bxg2 {[%emt 0:00:02]} 30. Kxg2 {[%emt 0:00:00]} Ne4 {[%emt 0:00:01]} 31. Qd1 {[%emt 0:00:07]} Qb7 {[%emt 0:00:01]} 32. Qf3 {[%emt 0:00:01]} Nd3 {[%emt 0:00:02]} 33. Rb1 {[%emt 0:00:05]} Ndc5 {[%emt 0:00:01]} 34. Nxc5 {[%emt 0:00:01]} Nxc5 {[%emt 0:00:02]} 35. b3 {[%emt 0:00:02]} Qxf3+ {[%emt 0:00:02]} 36. Kxf3 {[%emt 0:00:00]} Nd3 {[%emt 0:00:01]} 37. Nxe6 {[%emt 0:00:01]} Nxe5+ {[%emt 0:00:01]} 38. Ke4 {[%emt 0:00:00]} Bf6 {[%emt 0:00:03]} 39. b4 {[%emt 0:00:01]} Kh7 {[%emt 0:00:00]} 40. b5 {[%emt 0:00:01]} Nc4 {[%emt 0:00:02]} 41. b6 {[%emt 0:00:01]} Nd6+ {[%emt 0:00:00]} 42. Kd5 {[%emt 0:00:02]} Nb7 {[%emt 0:00:00]} 43. Kc6 {[%emt 0:00:00]} Nd8+ {[%emt 0:00:02]} 44. Nxd8 {[%emt 0:00:00]} Bxd8 {[%emt 0:00:00]} 45. b7 {[%emt 0:00:00]} Bf6 {[%emt 0:00:00]} 46. Kc7 {[%emt 0:00:00]} Bc3 {[%emt 0:00:01]} 47. Kc8 {[%emt 0:00:00]} Bb4 {[%emt 0:00:00]} 48. b8=Q {[%emt 0:00:00]} Bd2 {[%emt 0:00:01]} 49. Qf4 {[%emt 0:00:00]} Bxe3 {[%emt 0:00:02]} 50. Qxe3 {[%emt 0:00:00] Time (Lag: Av=0.28s, max=0.6s)} 1-0

[Event "Stay Safe Play From Home 272"]
[Site "Emanuel Lasker Arena"]
[Date "2020.07.02"]
[Round "1"]
[White "BrainThinker22"]
[Black "NeatFox"]
[Result "1-0"]
[WhiteElo "2276"]
[BlackElo "1951"]
[Annotator "NA"]
[PlyCount "37"]
[EventDate "2020.07.02"]
[EventType "swiss (blitz)"]

1. e4 {[%emt 0:00:01]} e5 {[%emt 0:00:01]} 2. Nf3 {[%emt 0:00:01]} Nc6 {[%emt 0:00:00]} 3. d4 {[%emt 0:00:01]} exd4 {[%emt 0:00:01]} 4. Bc4 {[%emt 0:00:01]} Bb4+ {[%emt 0:00:05]} 5. c3 {[%emt 0:00:01]} dxc3 {[%emt 0:00:00]} 6. bxc3 {[%emt 0:00:00]} Ba5 {[%emt 0:00:02]} 7. Qb3 {[%emt 0:00:01]} Qe7 {[%emt 0:00:03]} 8. O-O {[%emt 0:00:01]} Nf6 {[%emt 0:00:01]} 9. Ba3 {[%emt 0:00:01]} d6 {[%emt 0:00:01]} 10. Nbd2 {[%emt 0:00:01]} O-O {[%emt 0:00:01]} 11. Rfe1 {[%emt 0:00:02]} Bb6 {[%emt 0:00:01]} 12. e5 {[%emt 0:00:01]} Nd7 {[%emt 0:00:02]} 13. exd6 {[%emt 0:00:02]} Qf6 {[%emt 0:00:02]} 14. Ne4 {[%emt 0:00:02]} Qg6 {[%emt 0:00:01]} 15. dxc7 {[%emt 0:00:01]} Bxc7 {[%emt 0:00:01]} 16. Neg5 {[%emt 0:00:01]} Na5 {[%emt 0:00:03]} 17. Bxf7+ {[%emt 0:00:01]} Rxf7 {[%emt 0:00:01]} 18. Re8+ {[%emt 0:00:02]} Nf8 {[%emt 0:00:01]} 19. Rxf8# {[%emt 0:00:03] (Lag: Av=0.64s, max=0.9s)} 1-0

[Event "Stay Safe Play From Home 272"]
[Site "Emanuel Lasker Arena"]
[Date "2020.07.02"]
[Round "1"]
[White "Chase the sun"]
[Black "Broken sword"]
[Result "0-1"]
[WhiteElo "1880"]
[BlackElo "2441"]
[PlyCount "64"]
[EventDate "2020.07.02"]
[EventType "swiss (blitz)"]

1. e4 {[%emt 0:00:01]} c5 {[%emt 0:00:01]} 2. Nc3 {[%emt 0:00:02]} e6 {[%emt 0:00:00]} 3. f4 {[%emt 0:00:00]} a6 {[%emt 0:00:00]} 4. Nf3 {[%emt 0:00:01]} d5 {[%emt 0:00:00]} 5. d3 {[%emt 0:00:02]} Nc6 {[%emt 0:00:01]} 6. g3 {[%emt 0:00:01]} Nf6 {[%emt 0:00:01]} 7. e5 {[%emt 0:00:01]} Nd7 {[%emt 0:00:01]} 8. Bg2 {[%emt 0:00:00]} b5 {[%emt 0:00:01]} 9. O-O {[%emt 0:00:01]} Bb7 {[%emt 0:00:00]} 10. Qe1 {[%emt 0:00:02]} g6 {[%emt 0:00:01]} 11. Ne2 {[%emt 0:00:03]} h5 {[%emt 0:00:01]} 12. c3 {[%emt 0:00:00]} Be7 {[%emt 0:00:02]} 13. h3 {[%emt 0:00:01]} Qb6 {[%emt 0:00:01]} 14. Kh2 {[%emt 0:00:01]} c4 {[%emt 0:00:01]} 15. d4 {[%emt 0:00:01]} a5 {[%emt 0:00:01]} 16. Ng5 {[%emt 0:00:01]} b4 {[%emt 0:00:01]} 17. Bd2 {[%emt 0:00:06]} Na7 {[%emt 0:00:02]} 18. a3 {[%emt 0:00:03]} bxa3 {[%emt 0:00:03]} 19. bxa3 {[%emt 0:00:00]} Qc7 {[%emt 0:00:00]} 20. Rb1 {[%emt 0:00:01]} Bc6 {[%emt 0:00:00]} 21. f5 {[%emt 0:00:04]} gxf5 {[%emt 0:00:01]} 22. Nf4 {[%emt 0:00:00]} Nf8 {[%emt 0:00:01]} 23. Rf2 {[%emt 0:00:05]} Bxg5 {[%emt 0:00:01]} 24. Be3 {[%emt 0:00:06]} Be7 {[%emt 0:00:03]} 25. Rfb2 {[%emt 0:00:01]} Bxa3 {[%emt 0:00:02]} 26. Rb6 {[%emt 0:00:02]} Be7 {[%emt 0:00:02]} 27. Bf3 {[%emt 0:00:03]} a4 {[%emt 0:00:02]} 28. Bxh5 {[%emt 0:00:01]} a3 {[%emt 0:00:03]} 29. Rxc6 {[%emt 0:00:03]} Nxc6 {[%emt 0:00:01]} 30. Bxf7+ {[%emt 0:00:00]} Kxf7 {[%emt 0:00:01]} 31. Nxe6 {[%emt 0:00:00]} Nxe6 {[%emt 0:00:01]} 32. Bg5 {[%emt 0:00:01]} Bxg5 {[%emt 0:00:01] Chase the sun gibt auf (Lag: Av=0.32s, max=0.7s)} 0-1

[Event "Stay Safe Play From Home 272"]
[Site "Emanuel Lasker Arena"]
[Date "2020.07.02"]
[Round "1"]
[White "Greblah"]
[Black "Uber_WING"]
[Result "0-1"]
[WhiteElo "1880"]
[BlackElo "2404"]
[PlyCount "88"]
[EventDate "2020.07.02"]
[EventType "swiss (blitz)"]

1. e4 {[%emt 0:00:01]} d5 {[%emt 0:00:02]} 2. Nc3 {[%emt 0:00:02]} dxe4 {[%emt 0:00:01]} 3. Nxe4 {[%emt 0:00:01]} f5 {[%emt 0:00:00]} 4. Nc3 {[%emt 0:00:02]} e5 {[%emt 0:00:00]} 5. Bc4 {[%emt 0:00:01]} Nf6 {[%emt 0:00:01]} 6. d3 {[%emt 0:00:01]} Nc6 {[%emt 0:00:00]} 7. Bg5 {[%emt 0:00:01]} Qe7 {[%emt 0:00:00]} 8. Nf3 {[%emt 0:00:01]} Be6 {[%emt 0:00:01]} 9. Nd5 {[%emt 0:00:02]} Bxd5 {[%emt 0:00:01]} 10. Bxd5 {[%emt 0:00:01]} Qb4+ {[%emt 0:00:09]} 11. c3 {[%emt 0:00:11]} Qc5 {[%emt 0:00:01]} 12. Bxc6+ {[%emt 0:00:02]} Qxc6 {[%emt 0:00:01]} 13. Nxe5 {[%emt 0:00:02]} Qxg2 {[%emt 0:00:01]} 14. Qf3 {[%emt 0:00:01]} Qxf3 {[%emt 0:00:01]} 15. Nxf3 {[%emt 0:00:02]} O-O-O {[%emt 0:00:00]} 16. O-O-O {[%emt 0:00:01]} Be7 {[%emt 0:00:02]} 17. Ne5 {[%emt 0:00:01]} Rd5 {[%emt 0:00:04]} 18. d4 {[%emt 0:00:01]} Re8 {[%emt 0:00:06]} 19. Bxf6 {[%emt 0:00:01]} Bxf6 {[%emt 0:00:01]} 20. f4 {[%emt 0:00:02]} g5 {[%emt 0:00:01]} 21. Rhf1 {[%emt 0:00:02]} gxf4 {[%emt 0:00:01]} 22. Rxf4 {[%emt 0:00:01]} Bg5 {[%emt 0:00:01]} 23. Rdf1 {[%emt 0:00:02]} Bxf4+ {[%emt 0:00:03]} 24. Rxf4 {[%emt 0:00:00]} Rf8 {[%emt 0:00:01]} 25. Kc2 {[%emt 0:00:01]} Rd6 {[%emt 0:00:00]} 26. Kd3 {[%emt 0:00:01]} Rh6 {[%emt 0:00:01]} 27. h4 {[%emt 0:00:02]} Re6 {[%emt 0:00:03]} 28. Kc4 {[%emt 0:00:01]} Re7 {[%emt 0:00:01]} 29. Kd5 {[%emt 0:00:01]} Rg7 {[%emt 0:00:00]} 30. Ke6 {[%emt 0:00:01]} Rg1 {[%emt 0:00:03]} 31. Nd7 {[%emt 0:00:01]} Re8+ {[%emt 0:00:02]} 32. Kf7 {[%emt 0:00:03]} Kxd7 {[%emt 0:00:01]} 33. Rxf5 {[%emt 0:00:01]} Re7+ {[%emt 0:00:01]} 34. Kf6 {[%emt 0:00:01]} Rgg7 {[%emt 0:00:01]} 35. Rd5+ {[%emt 0:00:01]} Kc6 {[%emt 0:00:01]} 36. Rc5+ {[%emt 0:00:01]} Kb6 {[%emt 0:00:00]} 37. Kf5 {[%emt 0:00:00]} Rgf7+ {[%emt 0:00:01]} 38. Kg4 {[%emt 0:00:01]} c6 {[%emt 0:00:00]} 39. Kh5 {[%emt 0:00:00]} Kc7 {[%emt 0:00:00]} 40. Rg5 {[%emt 0:00:01]} Rf6 {[%emt 0:00:00]} 41. Rg8 {[%emt 0:00:01]} Ree6 {[%emt 0:00:00]} 42. Rc8+ {[%emt 0:00:01]} Kxc8 {[%emt 0:00:01]} 43. Kg4 {[%emt 0:00:00]} Rh6 {[%emt 0:00:00]} 44. Kh3 {[%emt 0:00:00]} Rhg6 {[%emt 0:00:00] . Zeit (Lag: Av=0.24s, max=0.8s)} 0-1

[Event "Stay Safe Play From Home 272"]
[Site "Emanuel Lasker Arena"]
[Date "2020.07.02"]
[Round "1"]
[White "Trotsky"]
[Black "SoulofWolf"]
[Result "0-1"]
[WhiteElo "1621"]
[BlackElo "2219"]
[PlyCount "32"]
[EventDate "2020.07.02"]
[EventType "swiss (blitz)"]

1. d4 {[%emt 0:00:01]} d5 {[%emt 0:00:01]} 2. e3 {[%emt 0:00:01]} Bf5 {[%emt 0:00:01]} 3. c4 {[%emt 0:00:01]} e6 {[%emt 0:00:01]} 4. Nc3 {[%emt 0:00:01]} c6 {[%emt 0:00:00]} 5. c5 {[%emt 0:00:01]} Nd7 {[%emt 0:00:01]} 6. Bd3 {[%emt 0:00:01]} Bg6 {[%emt 0:00:01]} 7. Qc2 {[%emt 0:00:01]} Ne7 {[%emt 0:00:01]} 8. h4 {[%emt 0:00:02]} b6 {[%emt 0:00:01]} 9. Bd2 {[%emt 0:00:01]} bxc5 {[%emt 0:00:01]} 10. Nh3 {[%emt 0:00:01]} c4 {[%emt 0:00:01]} 11. Bxg6 {[%emt 0:00:01]} hxg6 {[%emt 0:00:00]} 12. O-O-O {[%emt 0:00:01]} Rxh4 {[%emt 0:00:01]} 13. Ng5 {[%emt 0:00:02]} Rxh1 {[%emt 0:00:01]} 14. Rxh1 {[%emt 0:00:01]} Nf6 {[%emt 0:00:01]} 15. Nxe6 {[%emt 0:00:02]} fxe6 {[%emt 0:00:02]} 16. Qxg6+ {[%emt 0:00:01]} Nxg6 {[%emt 0:00:02] Trotsky Ñäàåòñÿ (Lag: Av=0.31s, max=0.9s)} 0-1

[Event "Stay Safe Play From Home 272"]
[Site "Emanuel Lasker Arena"]
[Date "2020.07.02"]
[Round "1"]
[White "Klasman"]
[Black "Metehun"]
[Result "0-1"]
[WhiteElo "1335"]
[BlackElo "2427"]
[PlyCount "30"]
[EventDate "2020.07.02"]
[EventType "swiss (blitz)"]

1. f4 {[%emt 0:00:02]} c5 {[%emt 0:00:01]} 2. e4 {[%emt 0:00:01]} d5 {[%emt 0:00:00]} 3. e5 {[%emt 0:00:02]} Nc6 {[%emt 0:00:01]} 4. c4 {[%emt 0:00:01]} d4 {[%emt 0:00:01]} 5. d3 {[%emt 0:00:01]} Bf5 {[%emt 0:00:01]} 6. Nf3 {[%emt 0:00:01]} e6 {[%emt 0:00:01]} 7. a3 {[%emt 0:00:05]} a6 {[%emt 0:00:02]} 8. Nbd2 {[%emt 0:00:01]} b5 {[%emt 0:00:01]} 9. cxb5 {[%emt 0:00:02]} axb5 {[%emt 0:00:01]} 10. a4 {[%emt 0:00:02]} Nb4 {[%emt 0:00:03]} 11. Qb3 {[%emt 0:00:12]} Qd5 {[%emt 0:00:01]} 12. Qxd5 {[%emt 0:00:12]} exd5 {[%emt 0:00:01]} 13. b3 {[%emt 0:00:09]} Nc2+ {[%emt 0:00:04]} 14. Kf2 {[%emt 0:00:02]} Nxa1 {[%emt 0:00:00]} 15. Bb2 {[%emt 0:00:05]} Nc2 {[%emt 0:00:01] Time (Lag: Av=0.41s, max=0.6s)} 0-1

[Event "Stay Safe Play From Home 272"]
[Site "Emanuel Lasker Arena"]
[Date "2020.07.02"]
[Round "2"]
[White "Metehun"]
[Black "Uber_WING"]
[Result "0-1"]
[WhiteElo "2427"]
[BlackElo "2405"]
[PlyCount "124"]
[EventDate "2020.07.02"]
[EventType "swiss (blitz)"]

1. d4 {[%emt 0:00:02]} Nf6 {[%emt 0:00:01]} 2. Nf3 {[%emt 0:00:01]} c5 {[%emt 0:00:00]} 3. d5 {[%emt 0:00:01]} d6 {[%emt 0:00:01]} 4. Nc3 {[%emt 0:00:00]} e5 {[%emt 0:00:00]} 5. e4 {[%emt 0:00:01]} Be7 {[%emt 0:00:00]} 6. Bb5+ {[%emt 0:00:01]} Bd7 {[%emt 0:00:01]} 7. a4 {[%emt 0:00:00]} a6 {[%emt 0:00:01]} 8. Be2 {[%emt 0:00:01]} h6 {[%emt 0:00:01]} 9. Nd2 {[%emt 0:00:00]} h5 {[%emt 0:00:00]} 10. Nc4 {[%emt 0:00:01]} g6 {[%emt 0:00:00]} 11. Bg5 {[%emt 0:00:02]} Kf8 {[%emt 0:00:01]} 12. Qd2 {[%emt 0:00:01]} Kg7 {[%emt 0:00:01]} 13. h3 {[%emt 0:00:00]} Be8 {[%emt 0:00:01]} 14. a5 {[%emt 0:00:01]} Ra7 {[%emt 0:00:02]} 15. O-O {[%emt 0:00:02]} Ng8 {[%emt 0:00:01]} 16. Bxe7 {[%emt 0:00:03]} Qxe7 {[%emt 0:00:00]} 17. f4 {[%emt 0:00:01]} exf4 {[%emt 0:00:01]} 18. Qxf4 {[%emt 0:00:01]} Nd7 {[%emt 0:00:04]} 19. Qxd6 {[%emt 0:00:02]} Qxd6 {[%emt 0:00:04]} 20. Nxd6 {[%emt 0:00:00]} Ngf6 {[%emt 0:00:01]} 21. e5 {[%emt 0:00:01]} Nxe5 {[%emt 0:00:02]} 22. Rae1 {[%emt 0:00:02]} Ned7 {[%emt 0:00:15]} 23. Bc4 {[%emt 0:00:02]} Rf8 {[%emt 0:00:00]} 24. Re7 {[%emt 0:00:03]} Ra8 {[%emt 0:00:01]} 25. g4 {[%emt 0:00:04]} hxg4 {[%emt 0:00:02]} 26. hxg4 {[%emt 0:00:00]} Nxg4 {[%emt 0:00:02]} 27. Nxe8+ {[%emt 0:00:03]} Raxe8 {[%emt 0:00:01]} 28. Rxd7 {[%emt 0:00:01]} Ne5 {[%emt 0:00:00]} 29. Rxb7 {[%emt 0:00:02]} Nxc4 {[%emt 0:00:01]} 30. d6 {[%emt 0:00:00]} Ne3 {[%emt 0:00:01]} 31. Rf2 {[%emt 0:00:02]} Nf5 {[%emt 0:00:00]} 32. d7 {[%emt 0:00:01]} Re7 {[%emt 0:00:02]} 33. Ne4 {[%emt 0:00:01]} Rxe4 {[%emt 0:00:03]} 34. Rd2 {[%emt 0:00:01]} Rd8 {[%emt 0:00:01]} 35. Rc7 {[%emt 0:00:01]} Re7 {[%emt 0:00:01]} 36. c3 {[%emt 0:00:01]} Ne3 {[%emt 0:00:02]} 37. b4 {[%emt 0:00:01]} Nc4 {[%emt 0:00:00]} 38. Rd5 {[%emt 0:00:01]} Ne5 {[%emt 0:00:01]} 39. bxc5 {[%emt 0:00:01]} Rdxd7 {[%emt 0:00:00]} 40. Rcxd7 {[%emt 0:00:01]} Nxd7 {[%emt 0:00:00]} 41. c6 {[%emt 0:00:00]} Nf6 {[%emt 0:00:00]} 42. Rc5 {[%emt 0:00:01]} Rc7 {[%emt 0:00:00]} 43. Rc4 {[%emt 0:00:01]} Ne8 {[%emt 0:00:00]} 44. Kf2 {[%emt 0:00:01]} Kf6 {[%emt 0:00:00]} 45. Rf4+ {[%emt 0:00:02]} Ke7 {[%emt 0:00:00]} 46. Ke3 {[%emt 0:00:00]} Kd8 {[%emt 0:00:00]} 47. Re4 {[%emt 0:00:00]} Nd6 {[%emt 0:00:00]} 48. Rd4 {[%emt 0:00:00]} Ke7 {[%emt 0:00:00]} 49. Re4+ {[%emt 0:00:01]} Nxe4 {[%emt 0:00:01]} 50. Kxe4 {[%emt 0:00:00]} Rxc6 {[%emt 0:00:00]} 51. Kd3 {[%emt 0:00:00]} Re6 {[%emt 0:00:00]} 52. c4 {[%emt 0:00:00]} f5 {[%emt 0:00:00]} 53. Kd4 {[%emt 0:00:00]} f4 {[%emt 0:00:00]} 54. c5 {[%emt 0:00:00]} f3 {[%emt 0:00:00]} 55. Kd5 {[%emt 0:00:00]} f2 {[%emt 0:00:00]} 56. c6 {[%emt 0:00:00]} f1=Q {[%emt 0:00:00]} 57. Kc5 {[%emt 0:00:00]} Qd1 {[%emt 0:00:00]} 58. Kb6 {[%emt 0:00:00]} Qc1 {[%emt 0:00:00]} 59. Ka7 {[%emt 0:00:00]} Qxc6 {[%emt 0:00:00]} 60. Kb8 {[%emt 0:00:01]} Qd7 {[%emt 0:00:00]} 61. Ka8 {[%emt 0:00:01]} Rc6 {[%emt 0:00:00]} 62. Kb8 {[%emt 0:00:01]} Rc8# {[%emt 0:00:00] (Lag: Av=0.32s, max=0.8s)} 0-1

[Event "Stay Safe Play From Home 272"]
[Site "Emanuel Lasker Arena"]
[Date "2020.07.02"]
[Round "2"]
[White "Mepe_Nika"]
[Black "Jhhonnyy"]
[Result "1-0"]
[WhiteElo "2381"]
[BlackElo "2317"]
[PlyCount "109"]
[EventDate "2020.07.02"]
[EventType "swiss (blitz)"]

1. d4 {[%emt 0:00:01]} d5 {[%emt 0:00:03]} 2. Bf4 {[%emt 0:00:01]} e6 {[%emt 0:00:00]} 3. e3 {[%emt 0:00:01]} Nf6 {[%emt 0:00:00]} 4. c4 {[%emt 0:00:01]} Bd6 {[%emt 0:00:00]} 5. Bxd6 {[%emt 0:00:01]} Qxd6 {[%emt 0:00:01]} 6. Nc3 {[%emt 0:00:00]} c6 {[%emt 0:00:01]} 7. Nf3 {[%emt 0:00:01]} O-O {[%emt 0:00:01]} 8. Bd3 {[%emt 0:00:00]} Nbd7 {[%emt 0:00:00]} 9. O-O {[%emt 0:00:00]} e5 {[%emt 0:00:00]} 10. dxe5 {[%emt 0:00:00]} Nxe5 {[%emt 0:00:00]} 11. cxd5 {[%emt 0:00:01]} Nxd5 {[%emt 0:00:02]} 12. Nxd5 {[%emt 0:00:02]} Qxd5 {[%emt 0:00:00]} 13. Nxe5 {[%emt 0:00:01]} Qxe5 {[%emt 0:00:01]} 14. Qc2 {[%emt 0:00:01]} h6 {[%emt 0:00:01]} 15. Rad1 {[%emt 0:00:00]} Be6 {[%emt 0:00:01]} 16. a3 {[%emt 0:00:01]} Bd5 {[%emt 0:00:01]} 17. Bc4 {[%emt 0:00:03]} Rad8 {[%emt 0:00:02]} 18. b4 {[%emt 0:00:02]} Rd6 {[%emt 0:00:03]} 19. Bxd5 {[%emt 0:00:01]} Rxd5 {[%emt 0:00:02]} 20. Rxd5 {[%emt 0:00:00]} Qxd5 {[%emt 0:00:00]} 21. Rd1 {[%emt 0:00:01]} Qg5 {[%emt 0:00:01]} 22. h3 {[%emt 0:00:01]} Rd8 {[%emt 0:00:01]} 23. Rxd8+ {[%emt 0:00:01]} Qxd8 {[%emt 0:00:00]} 24. Qc5 {[%emt 0:00:01]} a6 {[%emt 0:00:01]} 25. g3 {[%emt 0:00:02]} g6 {[%emt 0:00:01]} 26. Kg2 {[%emt 0:00:01]} Kg7 {[%emt 0:00:02]} 27. h4 {[%emt 0:00:00]} h5 {[%emt 0:00:01]} 28. Kf3 {[%emt 0:00:01]} Qf6+ {[%emt 0:00:02]} 29. Kg2 {[%emt 0:00:00]} Qd8 {[%emt 0:00:02]} 30. a4 {[%emt 0:00:01]} Qd7 {[%emt 0:00:01]} 31. a5 {[%emt 0:00:01]} Qd8 {[%emt 0:00:01]} 32. e4 {[%emt 0:00:01]} Qd7 {[%emt 0:00:01]} 33. Qe5+ {[%emt 0:00:01]} Kg8 {[%emt 0:00:01]} 34. Qc5 {[%emt 0:00:01]} Kg7 {[%emt 0:00:01]} 35. Qe5+ {[%emt 0:00:01]} Kg8 {[%emt 0:00:01]} 36. Qf6 {[%emt 0:00:01]} Qe8 {[%emt 0:00:03]} 37. Qf4 {[%emt 0:00:02]} Qe7 {[%emt 0:00:03]} 38. Qb8+ {[%emt 0:00:02]} Kg7 {[%emt 0:00:01]} 39. e5 {[%emt 0:00:01]} Qxb4 {[%emt 0:00:01]} 40. Qd8 {[%emt 0:00:07]} Qe4+ {[%emt 0:00:03]} 41. Kh2 {[%emt 0:00:02]} Qxe5 {[%emt 0:00:00]} 42. Qd2 {[%emt 0:00:02]} Qd5 {[%emt 0:00:01]} 43. Qb2+ {[%emt 0:00:01]} Kg8 {[%emt 0:00:00]} 44. Qxb7 {[%emt 0:00:00]} Qf3 {[%emt 0:00:01]} 45. Qxa6 {[%emt 0:00:03]} Qxf2+ {[%emt 0:00:01]} 46. Kh3 {[%emt 0:00:00]} Qf5+ {[%emt 0:00:01]} 47. Kh2 {[%emt 0:00:00]} c5 {[%emt 0:00:00]} 48. Qa8+ {[%emt 0:00:01]} Kg7 {[%emt 0:00:01]} 49. Qg2 {[%emt 0:00:01]} c4 {[%emt 0:00:01]} 50. a6 {[%emt 0:00:01]} c3 {[%emt 0:00:01]} 51. Qe2 {[%emt 0:00:02]} c2 {[%emt 0:00:01]} 52. Qe1 {[%emt 0:00:01]} Qd3 {[%emt 0:00:03]} 53. Qa1+ {[%emt 0:00:01]} Kh7 {[%emt 0:00:02]} 54. a7 {[%emt 0:00:00]} c1=Q {[%emt 0:00:01]} 55. Kh3 {[%emt 0:00:00] Zeit (Lag: Av=0.42s, max=0.9s)} 1-0

[Event "Stay Safe Play From Home 272"]
[Site "Emanuel Lasker Arena"]
[Date "2020.07.02"]
[Round "2"]
[White "SoulofWolf"]
[Black "Broken sword"]
[Result "0-1"]
[WhiteElo "2220"]
[BlackElo "2442"]
[PlyCount "50"]
[EventDate "2020.07.02"]
[EventType "swiss (blitz)"]

1. c4 {[%emt 0:00:00]} c6 {[%emt 0:00:01]} 2. Nc3 {[%emt 0:00:00]} d5 {[%emt 0:00:00]} 3. e3 {[%emt 0:00:01]} Nf6 {[%emt 0:00:00]} 4. cxd5 {[%emt 0:00:00]} cxd5 {[%emt 0:00:01]} 5. d4 {[%emt 0:00:00]} Nc6 {[%emt 0:00:00]} 6. Nf3 {[%emt 0:00:01]} Bg4 {[%emt 0:00:01]} 7. Be2 {[%emt 0:00:00]} e6 {[%emt 0:00:01]} 8. Ne5 {[%emt 0:00:01]} Bxe2 {[%emt 0:00:01]} 9. Nxe2 {[%emt 0:00:02]} Bd6 {[%emt 0:00:01]} 10. Nd3 {[%emt 0:00:01]} O-O {[%emt 0:00:01]} 11. O-O {[%emt 0:00:01]} Qc7 {[%emt 0:00:00]} 12. g3 {[%emt 0:00:01]} Rac8 {[%emt 0:00:01]} 13. f3 {[%emt 0:00:01]} Qb8 {[%emt 0:00:01]} 14. a3 {[%emt 0:00:01]} Rfe8 {[%emt 0:00:00]} 15. b4 {[%emt 0:00:01]} Rcd8 {[%emt 0:00:01]} 16. Bd2 {[%emt 0:00:01]} e5 {[%emt 0:00:01]} 17. dxe5 {[%emt 0:00:03]} Nxe5 {[%emt 0:00:00]} 18. Ndf4 {[%emt 0:00:03]} Nc4 {[%emt 0:00:01]} 19. Bc1 {[%emt 0:00:06]} Nxe3 {[%emt 0:00:03]} 20. Bxe3 {[%emt 0:00:01]} Rxe3 {[%emt 0:00:00]} 21. Nxd5 {[%emt 0:00:02]} Nxd5 {[%emt 0:00:01]} 22. Qxd5 {[%emt 0:00:02]} Rxe2 {[%emt 0:00:01]} 23. Rad1 {[%emt 0:00:01]} Ree8 {[%emt 0:00:01]} 24. Rf2 {[%emt 0:00:01]} Bxg3 {[%emt 0:00:02]} 25. Rfd2 {[%emt 0:00:08]} Rxd5 {[%emt 0:00:02] SoulofWolf poddaje siê (Lag: Av=0.33s, max=0.8s)} 0-1